书目信息 |
| 题名: |
白领求职技巧
|
|
| 作者: | 谢晋阳 , 罗宇芳 编著 | |
| 分册: | ||
| 出版信息: | 成都 四川大学出版社 1998.11 |
|
| 页数: | 100页 | |
| 开本: | 16开 | |
| 丛书名: | ||
| 单 册: | ||
| 中图分类: | C913.2 | |
| 科图分类: | ||
| 主题词: | 社会生活 , 社会问题 | |
| 电子资源: | ||
| ISBN: | 7-5614-1800-0 | |
| 000 | 00619nam0 2200217 45 | |
| 001 | 0008160813 | |
| 005 | 20000816085849.6 | |
| 010 | @a7-5614-1800-0@d16.00元 | |
| 100 | @a20000816d1998 km y0chiy0120 ea | |
| 101 | 0 | @achi |
| 105 | @a z 000yy | |
| 200 | 1 | @a白领求职技巧@ABai Ling Qiu Zhi Ji Qiao@f谢晋阳,罗宇芳编著@FXie Jin Yang,Luo Yu Fang Bian Zhu |
| 210 | @a成都@c四川大学出版社@d1998.11 | |
| 215 | @a100页@d16开 | |
| 606 | 0 | @a社会生活 |
| 606 | 0 | @a社会问题 |
| 690 | @aC913.2@v3 | |
| 701 | 0 | @a谢晋阳@4编著 |
| 701 | 0 | @a罗宇芳@4编著 |
| 801 | @aCN@bPftUser@c20000816 | |
| 905 | @b106890-894@dC913.2@eX915@f5 | |
| 白领求职技巧/谢晋阳,罗宇芳编著.-成都:四川大学出版社,1998.11 |
| 100页;16开 |
| ISBN 7-5614-1800-0:16.00元 |
| ● |
| 相关链接 |
|
|
|
正题名:白领求职技巧
索取号:C913.2/X915
 
预约/预借
| 序号 | 登录号 | 条形码 | 馆藏地/架位号 | 状态 | 备注 |
| 1 | 106890 | 201068904 | 社科库509/509社科库 61排8列3层/ [索取号:C913.2/X915] | 在馆 | |
| 2 | 106891 | 201068913 | 社科库509/509社科库 61排8列3层/ [索取号:C913.2/X915] | 在馆 | |
| 3 | 106892 | 201068922 | 社科库509/509社科库 61排8列3层/ [索取号:C913.2/X915] | 在馆 | |
| 4 | 106893 | 201068931 | 社科库509/509社科库 61排8列3层/ [索取号:C913.2/X915] | 在馆 | |
| 5 | 106894 | 201068940 | 社科库509/509社科库 61排8列3层/ [索取号:C913.2/X915] | 在馆 |